000 01339nam0a2200349 4500
001 RU\NLR\bibl\1326930
005 20260407042852.0
010 _a978-5-699-32610-5
_95000
021 _aRU
_b2009-6342
_944д
035 _a(NLR Aleph) 001312209
090 _a686675
_c686675
100 _a20090210d2009 |||y0rusy50 ca
101 1 _arus
_ceng
102 _aRU
105 _aa |||||||||
200 1 _aТанковые сражения войск СС
_fВилли Фей
_g[пер. с англ. П. Смирнова]
210 _aМосква
_cЯуза
_cЭксмо
_d2009
215 _a413, [1] с., [8] л. ил.
_d21
225 1 _aВеликая Отечественная
_iТанки в бою
225 1 _aНовый перевод
225 1 _aPanzer, voran!
601 0 2 _aВойска СС
_c1924 - 1945; Германия
_jВоспоминания, записки и т.п.
_xТанковые соединения
_xБоевые действия
_92546964
_3RU\NLR\auth\661507420
686 _aЦ35(0)62-53,2,013
700 1 _aФей
_bВ.
_gВилли
_4070
712 0 2 _4570
_aВойска СС
_c1939-1945; Германия
_3RU\NLR\AUTH\8810015202
_9528274
801 0 _aRU
_bNLR
_c20090210
_gRCR
801 1 _aRU
_bNLR
_c20090210
942 _cBOOK
980 _aNB